00439nam a22001577a 450000500170000001000150001702000260003203500140005803700130007208200060008510000170009124500330010826000420014127000750018330000230025820220913153628.0 aENG-135034 a9788128830433c150.00 aEN-118566 bDBAD/PUB aN aChand, Sumer aAnti social/cby Sumer Chand aNew DelhibDiamond pocket booksc2011 aX-30, Okhla industrial area, phase-IIbNew delhie110020msales@dpb.in a344 p.c20cm (Pbk)